| 000 | 01071nam a2200301 a 4500 | ||
|---|---|---|---|
| 001 | vtls001695095 | ||
| 003 | NLI | ||
| 005 | 20210628153748.0 | ||
| 008 | 130322s2006 ii 000 mar | ||
| 020 |
_a8189649116 : _cRs. 75.00 |
||
| 039 | 9 |
_y201303221719 _zVLOAD |
|
| 040 |
_aNLI _bmareng _cDatasoft_Marathi _eAACR2 |
||
| 041 | 0 | _amar | |
| 044 | _a ii | ||
| 082 | 0 | 4 | _a 891.4609 |
| 100 | 1 |
_6880-01 _aमद्रेवार¸ बी. पी., _cडौ. _9739687 |
|
| 245 | 1 | 0 |
_6880-02 _aकोंबड्याचे आजार उपचार / _cबी. पी. मद्रेवार |
| 260 |
_aपुणें : _bसन पब्लिकेशन, _c2006 |
||
| 300 |
_a96 p. ; _c21 cm. |
||
| 650 | 0 |
_aMarathi literature _xHistory and criticism _9676884 |
|
| 880 | 1 | 0 |
_6245-02(B _aKombaḍyāce ājāra upacāra / _cB. P. Madrevāra |
| 880 | 1 |
_6100-01(B _aMadrevāra, B. P., _cDr |
|
| 887 | _a | ||
| 901 |
_a41354 _b02.07.2007 |
||
| 902 | _aMar 891.4609 M 267 | ||
| 949 |
_AVIRTUAITEM _D10000 _X100 _6DBA000041354MAR |
||
| 942 |
_2ddc _cBKS |
||
| 999 |
_aVIRTUA40 _c1141908 _d1141908 |
||